|
|
|
|
| LEADER |
00000nab a2200000 a 4500 |
| 001 |
vtls000430703 |
| 003 |
SK-MaSNL |
| 005 |
20260303210318.0 |
| 008 |
120925c1991 xo 0 slo |
| 015 |
|
|
|a SNBRB19rr/mm-uuuuu
|
| 035 |
|
|
|a CL0430831
|
| 040 |
|
|
|a SNKBUCL
|b slo
|c SNKBUCL
|e AACR2
|
| 041 |
0 |
|
|a slo
|
| 044 |
|
|
|a xo
|c SK
|
| 080 |
|
|
|a 78.091.4:786.6
|2 1981
|
| 080 |
|
|
|a 786.6
|2 1981
|
| 100 |
1 |
|
|a Podracký, Igor,
|d 1946-2013
|4 aut
|9 234497
|
| 245 |
1 |
0 |
|a Nie náhodou je kráľom
|b Jasné perspektívy košického organového festivalu
|c Igor Podracký
|
| 611 |
2 |
7 |
|a Medzinárodný organový festival
|n (21. :
|d 1991 :
|c Košice, Slovensko)
|2 snkbucl
|9 1241833
|
| 648 |
|
7 |
|a 1991
|2 snkbucl
|9 277043
|
| 650 |
0 |
7 |
|a hudba pre organ
|2 snkbucl
|9 3374
|
| 650 |
0 |
7 |
|a hudobné festivaly
|2 snkbucl
|9 2958
|
| 651 |
|
7 |
|a Košice (Slovensko)
|2 snkbucl
|9 18694
|
| 655 |
|
7 |
|a články z novín a časopisov
|2 snkbucl
|9 267496
|
| 773 |
0 |
|
|t Národná obroda
|g Roč. 2, č. 248 (22. 10. 1991), s. 12
|
| 850 |
|
|
|a Slovenská národná knižnica v Martine
|a MTA001
|
| 852 |
|
|
|a SNK
|b KIS3GCP
|
| 992 |
|
|
|a RBX
|
| 999 |
|
|
|c 2199741
|d 2201671
|